32nd canadian chemical engineering conference, Vancouver, B. C. Canadá October 3-6, 1982 : proceedings.
Guardado en:
| Autores Corporativos: | , , |
|---|---|
| Otros Autores: | |
| Formato: | Libro |
| Idioma: | English |
| Publicado: |
[s.l.] :
CSChE,
[1982?].
|
| Materias: | |
| Etiquetas: |
Agregar Etiqueta
Sin Etiquetas, Sea el primero en etiquetar este registro!
|
| LEADER | 01213nam a22002295a 4500 | ||
|---|---|---|---|
| 001 | EIQ.libpla002168 | ||
| 008 | 070427s1980####xxca##########100#0#eng#d | ||
| 005 | 20070427184118.0 | ||
| 245 | 1 | 0 | |a 32nd canadian chemical engineering conference, Vancouver, B. C. Canadá October 3-6, 1982 : |b proceedings. |
| 260 | |a [s.l.] : |b CSChE, |c [1982?]. | ||
| 300 | |a 3 v. : |b il. ; |c 24 cm. | ||
| 505 | 0 | |a v. 1. Second international symposium on spouted beds (Sessions 1 to 4) & technical sessions 5 to 11 -- v. 2. Technical sessions 12 to 28 -- v. 3. technical sessions 29 to 38. | |
| 111 | 2 | |a Canadian Chemical Engineering Conference |n (32nd : |d 1982 : |c Vancouver, B. C., Canada) | |
| 700 | 1 | |a Chakrabartty, S K., |e ed. |4 edt | |
| 710 | 2 | |a Chemical Institute of Canada. |b Catalysis Division. | |
| 711 | 2 | |a International Symposium on Spouted Beds |n (2nd : |d 1982 : |c Vancouver, B. C., Canada) | |
| 650 | 4 | |a Lecho de chorros |x Congresos. | |
| 650 | 4 | |a Souted beds |x Congresses. | |
| 040 | |a AR-BbSID |b spa |c AR-BbSID | ||
| 859 | |a AR-BbSID |b BIB. PLAPIQUI |h 660.284 292 |i C 16 |p 2192 |v Vol. 1 |3 Vol. 1 | ||
| 859 | |a AR-BbSID |b BIB. PLAPIQUI |h 660.284 292 |i C 16 |p 2193 |v Vol. 2 |3 Vol. 2 | ||
| 859 | |a AR-BbSID |b BIB. PLAPIQUI |h 660.284 292 |i C 16 |p 2194 |v Vol. 3 |3 Vol. 3 | ||
